000 00434ntaaa2200181 4500
003 01
005 20251027202541.0
008 0714s1973 ag 01
040 _aAR-BaBN
_bspa
_cAR-BaBN
_eaacr
_dRIC
082 _a301.2430 B38e
100 _aBeck, Hubert F
_924560
245 _aLa era tecnológica
250 _a1 ed.
260 _aBuenos Aires :
_bAurora,
_cc1972
300 _a94 p
650 _atechnológica
_924561
942 _cBK
999 _c20570
_d20570